000 00627nam a2200205 i 4500
001 114662
003 ES-MaACL
005 20240523063034.0
007 t|
008 070319s1993 fr ||||1| fre d
020 _a2-87714-138-1
080 _a821.133.1-31"17"
100 1 _aBernardin de Saint-Pierre, Henri,
_d1737-1814
_928279
245 1 0 _aPaul et Virginie /
_cBernardin de Saint-Pierre.
260 _aParis :
_bBookking International,
_c[1993]
300 _a221 p. ;
_c18 cm.
500 _aBiblioteca Jacinto Martínez Lacalle.
852 _aES-MaACL
_jE-11640
_bR.139708
999 _c114662
_d114662